[Event "Masfjorden Grand Prix 2019"]
[Site "Sandnes skule (Masfjordnes)"]
[Date "2019.02.15"]
[Round "1"]
[White "Andås, Kjetil"]
[Black "Poor, Istvan"]
[Result "1/2-1/2"]
[WhiteElo "1788"]
[BlackElo "2213"]
[PlyCount "84"]
[EventDate "2019.??.??"]

1. d4 g6 2. e4 Bg7 3. Nf3 d6 4. h3 Nf6 5. Bd3 O-O 6. O-O Nc6 7. c3 Nd7 8. Be3
e5 9. Nbd2 a6 10. a4 exd4 11. cxd4 Nb4 12. Bc4 a5 13. Bg5 Qe8 14. Rc1 Nb6 15.
Bb3 c6 16. Re1 Nd3 17. Nc4 Nxe1 18. Nxb6 Nxf3+ 19. Qxf3 Rb8 20. Bf4 Qd8 21. Nc4
Bxd4 22. Bxd6 Be6 23. Bxb8 Qxb8 24. Rd1 Qa7 25. Rd2 Bxc4 26. Bxc4 Qb6 27. Qb3
Qxb3 28. Bxb3 c5 29. Bd5 Kg7 30. Kf1 Rb8 31. Bc4 Kf6 32. Ke2 Ke7 33. b3 f6 34.
f3 Kd6 35. f4 h6 36. Kf3 b6 37. Rd3 Rb7 38. Bd5 Re7 39. Bc4 Kc7 40. Rd2 Rg7 41.
Re2 Kd6 42. Rd2 Re7
1/2-1/2

[Event "Masfjorden Grand Prix 2019"]
[Site "Sandnes skule (Masfjordnes)"]
[Date "2019.02.15"]
[Round "1"]
[White "Mansoor, Afras"]
[Black "Lura, Njål"]
[Result "0-1"]
[WhiteElo "1999"]
[BlackElo "1585"]
[PlyCount "124"]
[EventDate "2019.??.??"]

1. c4 e5 2. g3 Nf6 3. Bg2 c6 4. Nf3 e4 5. Nd4 d5 6. d3 Bc5 7. Nb3 Bb4+ 8. Bd2
Bxd2+ 9. N1xd2 exd3 10. O-O dxc4 11. Nxc4 O-O 12. exd3 Bf5 13. Nc5 Qc7 14. Ne3
Bg6 15. Ne4 Nbd7 16. f4 Qb6 17. Qd2 Nd5 18. d4 Bxe4 19. Bxe4 Nxe3 20. Qxe3 Nf6
21. Bf3 Rad8 22. Rfd1 Rfe8 23. Qd3 Nd5 24. Re1 Rxe1+ 25. Rxe1 Nb4 26. Qe4 g6
27. Rd1 Nxa2 28. Qe7 Nb4 29. f5 Nd5 30. Bxd5 cxd5 31. Kh1 gxf5 32. Rc1 Rf8 33.
Rf1 Qe6 34. Qg5+ Kh8 35. Qxf5 Qe4+ 36. Qxe4 dxe4 37. Rf5 Re8 38. Kg2 Kg7 39.
Kf2 Kg6 40. g4 e3+ 41. Ke2 Re4 42. Rb5 b6 43. d5 Kf6 44. Rb3 Ke5 45. Rd3 Kd6
46. h3 Re5 47. Ra3 a5 48. Rb3 Kc5 49. d6 Rd5 50. Rc3+ Kxd6 51. Kxe3 Rb5 52. b3
Rb4 53. Kf3 Ke5 54. Kg3 f5 55. Re3+ Re4 56. Rf3 f4+ 57. Kf2 Re3 58. Rxe3+ fxe3+
59. Kxe3 b5 60. h4 a4 61. Kd3 a3 62. Kc3 b4+
0-1

[Event "Masfjorden Grand Prix 2019"]
[Site "Sandnes skule (Masfjordnes)"]
[Date "2019.02.15"]
[Round "1"]
[White "Hølleland, Sigve"]
[Black "Sekkingstad, Thomas"]
[Result "1-0"]
[WhiteElo "2003"]
[BlackElo "1690"]
[PlyCount "85"]
[EventDate "2019.??.??"]

1. d4 d5 2. Bf4 Nf6 3. e3 Bf5 4. c4 c6 5. Qb3 Qb6 6. c5 Qxb3 7. axb3 Nbd7 8.
Nf3 Nh5 9. Bc7 Rc8 10. Bg3 Nxg3 11. hxg3 e5 12. Nc3 a6 13. b4 exd4 14. Nxd4 Bg6
15. f4 Nf6 16. g4 Be4 17. g5 Nd7 18. Nxe4 dxe4 19. Bc4 g6 20. Ne2 Bg7 21. Nc3
Bxc3+ 22. bxc3 f5 23. O-O-O Ke7 24. Rd6 Nf8 25. Rf6 Rc7 26. Rd1 Ke8 27. Rfd6 h6
28. Rd8+ Ke7 29. Rb8 hxg5 30. fxg5 Rd7 31. Rxd7+ Kxd7 32. Rxb7+ Kd8 33. Bxa6
Nd7 34. Ra7 Rh1+ 35. Kc2 Rg1 36. Ra8+ Ke7 37. Rc8 Rxg2+ 38. Kb3 Ne5 39. c4 Rd2
40. b5 cxb5 41. cxb5 Rd3+ 42. Kc2 Rxe3 43. b6
1-0

[Event "Masfjorden Grand Prix 2019"]
[Site "Sandnes skule (Masfjordnes)"]
[Date "2019.02.15"]
[Round "1"]
[White "Murugesh, Niran-Jan"]
[Black "Haugsdal, Arn-Tore"]
[Result "0-1"]
[WhiteElo "1574"]
[BlackElo "1965"]
[PlyCount "44"]
[EventDate "2019.??.??"]

1. e4 e5 2. f4 exf4 3. Nf3 d5 4. exd5 Be7 5. Bb5+ c6 6. dxc6 bxc6 7. Bc4 Bh4+
8. Kf1 Bg4 9. Bxf7+ Kf8 10. Bb3 Nd7 11. d4 Ne5 12. Qd2 Nxf3 13. gxf3 Bxf3 14.
Qxf4+ Qf6 15. Rg1 Re8 16. Qxf6+ Nxf6 17. Bd2 Re2 18. Bb4+ c5 19. Bxc5+ Ke8 20.
Rg3 Bxg3 21. hxg3 Ne4 22. Nc3 Nxg3+
0-1

[Event "Masfjorden Grand Prix 2019"]
[Site "Sandnes skule (Masfjordnes)"]
[Date "2019.02.15"]
[Round "1"]
[White "Sivertsen, Jarle"]
[Black "Kvisla, Johannes Luangtep"]
[Result "0-1"]
[WhiteElo "1605"]
[BlackElo "2273"]
[PlyCount "78"]
[EventDate "2019.??.??"]

1. e4 c5 2. Nf3 a6 3. d4 cxd4 4. Nxd4 e5 5. Nf3 Nf6 6. Nc3 Bb4 7. Bd3 d5 8.
exd5 e4 9. Qe2 O-O 10. Bxe4 Nxe4 11. Qxe4 Re8 12. Ne5 Bxc3+ 13. bxc3 f6 14. f4
fxe5 15. fxe5 Qc7 16. O-O Qxe5 17. Qf3 Qf6 18. Qg3 Qb6+ 19. Kh1 Qg6 20. Qc7 Nd7
21. Ba3 Nf6 22. Qf4 Bd7 23. Rf2 Qe4 24. Qd6 Bb5 25. h3 Rad8 26. Qg3 Qg6 27. Qh4
Re4 28. g4 Rxd5 29. Qg3 Re8 30. Qf4 Rde5 31. c4 Bc6+ 32. Kh2 Re4 33. Qd6 Rxg4
34. hxg4 Qh6+ 35. Kg3 Re3+ 36. Rf3 Rxf3+ 37. Kg2 Qh3+ 38. Kg1 Rf1+ 39. Rxf1
Qg2#
0-1

[Event "Masfjorden Grand Prix 2019"]
[Site "Sandnes skule (Masfjordnes)"]
[Date "2019.02.16"]
[Round "2"]
[White "Poor, Istvan"]
[Black "Johannessen, Heine N"]
[Result "1-0"]
[WhiteElo "2213"]
[BlackElo "1636"]
[PlyCount "71"]
[EventDate "2019.??.??"]

1. e4 c5 2. Nf3 g6 3. c4 Nc6 4. Nc3 Bg7 5. d3 e5 6. g3 Nge7 7. Bg2 O-O 8. Be3
d6 9. Qd2 Rb8 10. h4 h5 11. Bh6 a6 12. Nd5 Nxd5 13. cxd5 Nd4 14. Nxd4 cxd4 15.
O-O-O Bd7 16. Kb1 b5 17. f3 b4 18. Rc1 a5 19. g4 hxg4 20. h5 Bxh6 21. Qxh6 Qf6
22. hxg6 Qg7 23. gxf7+ Rxf7 24. Qxd6 Rbf8 25. fxg4 Qf6 26. Qxf6 Rxf6 27. g5 Rf2
28. Bh3 Bxh3 29. Rxh3 Rg2 30. d6 Rff2 31. Rc8+ Kg7 32. Rc7+ Kg6 33. d7 Rf1+ 34.
Rc1 Rff2 35. Rc6+ Kg7 36. d8=Q
1-0

[Event "Masfjorden Grand Prix 2019"]
[Site "Sandnes skule (Masfjordnes)"]
[Date "2019.02.16"]
[Round "2"]
[White "Kvisla, Johannes Luangtep"]
[Black "Andås, Kjetil"]
[Result "1-0"]
[WhiteElo "2273"]
[BlackElo "1788"]
[PlyCount "55"]
[EventDate "2019.??.??"]

1. d4 Nf6 2. Bf4 g6 3. Nc3 d5 4. e3 Bg7 5. h4 Bf5 6. Nf3 c6 7. Ne5 h5 8. Bd3
Bxd3 9. Qxd3 Nbd7 10. f3 Nxe5 11. Bxe5 Qd7 12. Ne2 Rc8 13. Nf4 O-O 14. Rh3 Ne8
15. Rg3 Bxe5 16. dxe5 Ng7 17. e6 Qd6 18. Kf2 Qe5 19. exf7+ Rxf7 20. Qxg6 d4 21.
Nxh5 Qxe3+ 22. Kf1 Qe5 23. Re1 Qb5+ 24. Kf2 Qc5 25. Nxg7 d3+ 26. Kf1 dxc2 27.
Ne8+ Kh8 28. Qg8#
1-0

[Event "Masfjorden Grand Prix 2019"]
[Site "Sandnes skule (Masfjordnes)"]
[Date "2019.02.16"]
[Round "2"]
[White "Lura, Njål"]
[Black "Hølleland, Sigve"]
[Result "1/2-1/2"]
[WhiteElo "1585"]
[BlackElo "2003"]
[PlyCount "76"]
[EventDate "2019.??.??"]

1. c4 Nf6 2. g3 c6 3. Bg2 d5 4. Nf3 Nbd7 5. O-O e5 6. d3 Be7 7. b3 O-O 8. Nbd2
e4 9. Ne1 Nc5 10. cxd5 cxd5 11. dxe4 dxe4 12. Nc2 Bf5 13. Ne3 Bg6 14. b4 Ne6
15. a3 Qc7 16. Bb2 Rad8 17. Rc1 Qb8 18. Rc2 b5 19. Qa1 Qb7 20. Rfc1 Nd5 21.
Nxd5 Qxd5 22. e3 f6 23. h4 Bd6 24. Nb1 Qb7 25. Bh3 Bf7 26. Nc3 Rfe8 27. Ne2 Nc7
28. Nd4 Bc4 29. Nf5 Be5 30. Bxe5 Rxe5 31. Nd4 Ne8 32. Bf1 Nd6 33. Bxc4+ bxc4
34. b5 Nxb5 35. Nxb5 Qxb5 36. Rxc4 Red5 37. Qa2 Qe8 38. Rd4 Qf7
1/2-1/2

[Event "Masfjorden Grand Prix 2019"]
[Site "Sandnes skule (Masfjordnes)"]
[Date "2019.02.16"]
[Round "2"]
[White "Sekkingstad, Thomas"]
[Black "Mansoor, Afras"]
[Result "0-1"]
[WhiteElo "1690"]
[BlackElo "1999"]
[PlyCount "41"]
[EventDate "2019.??.??"]

1. d4 Nf6 2. c4 g6 3. Nc3 Bg7 4. Nf3 d6 5. Bf4 O-O 6. e3 c5 7. Be2 Nh5 8. Bg3
Nxg3 9. hxg3 cxd4 10. exd4 Nc6 11. Qd2 Bg4 12. d5 Bxf3 13. gxf3 Nd4 14. O-O e5
15. dxe6 fxe6 16. f4 Qb6 17. Rfe1 g5 18. fxg5 Rxf2 19. Qe3 Rxe2 20. Nxe2 Nxe2+
21. Rxe2
0-1

[Event "Masfjorden Grand Prix 2019"]
[Site "Sandnes skule (Masfjordnes)"]
[Date "2019.02.16"]
[Round "2"]
[White "Haugsdal, Arn-Tore"]
[Black "Hina, Ariza"]
[Result "1-0"]
[WhiteElo "1965"]
[BlackElo "1560"]
[PlyCount "79"]
[EventDate "2019.??.??"]

1. e4 e5 2. d4 exd4 3. c3 dxc3 4. Bc4 Nc6 5. Nf3 d6 6. Nxc3 Be7 7. a3 Nf6 8. b4
Bg4 9. Qb3 O-O 10. Bb2 Qd7 11. Rd1 Rae8 12. h3 Be6 13. O-O Bxc4 14. Qxc4 Bd8
15. Rfe1 Ne5 16. Nxe5 Rxe5 17. f4 Ree8 18. e5 Nh5 19. g4 Bh4 20. Re3 Ng3 21.
Kh2 Qc8 22. Rg1 dxe5 23. fxe5 Rd8 24. Rgxg3 Bxg3+ 25. Kxg3 Rd2 26. Re2 Qd7 27.
Ne4 Rxe2 28. Qxe2 Rd8 29. Kf4 Qe6 30. Qc2 Qh6+ 31. Ng5 f6 32. Qc4+ Kh8 33. exf6
gxf6 34. h4 Rd7 35. Qe6 Rd6 36. Qe8+ Kg7 37. Qf7+ Kh8 38. Kf3 Qg7 39. Qe8+ Qg8
40. Nf7+
1-0

[Event "Masfjorden Grand Prix 2019"]
[Site "Sandnes skule (Masfjordnes)"]
[Date "2019.02.16"]
[Round "2"]
[White "Murugesh, Niran-Jan"]
[Black "Sivertsen, Jarle"]
[Result "0-1"]
[WhiteElo "1574"]
[BlackElo "1605"]
[PlyCount "100"]
[EventDate "2019.??.??"]

1. e4 d6 2. Nc3 Nf6 3. f4 e5 4. Nf3 Nc6 5. Bb5 exf4 6. d4 Bd7 7. Bxf4 Be7 8.
Qd2 h6 9. O-O-O a6 10. Bd3 Nb4 11. Be2 g5 12. Be3 Ng4 13. Bg1 Nf6 14. Kb1 Bg4
15. a3 Nc6 16. Qe3 d5 17. exd5 Nxd5 18. Nxd5 Qxd5 19. c4 Bf5+ 20. Bd3 Qe6 21.
Qxe6 Bxd3+ 22. Rxd3 fxe6 23. Bf2 Rf8 24. Bg3 O-O-O 25. Re1 Rf6 26. Kc2 Bd6 27.
Bxd6 Rxd6 28. h3 Kd7 29. b4 b5 30. Kc3 bxc4 31. Kxc4 Ne7 32. Ne5+ Kc8 33. Ng4
Rc6+ 34. Kb3 Rf4 35. g3 Rf8 36. Nxh6 Rh8 37. Nf7 Rxh3 38. Nxg5 Rh6 39. Rde3 Nf5
40. Re4 Nxg3 41. Rxe6 Nf5 42. R6e4 Rhg6 43. d5 Rcd6 44. Nf7 Rxd5 45. Re8+ Kb7
46. Nd8+ Kc8 47. Nc6+ Kb7 48. Rc1 Rxc6 49. Rb8+ Kxb8 50. Rxc6 Nd4+
0-1

[Event "Masfjorden Grand Prix 2019"]
[Site "Sandnes skule (Masfjordnes)"]
[Date "2019.02.16"]
[Round "3"]
[White "Hølleland, Sigve"]
[Black "Poor, Istvan"]
[Result "1-0"]
[WhiteElo "2003"]
[BlackElo "2213"]
[PlyCount "25"]
[EventDate "2019.??.??"]

1. d4 g6 2. Bf4 Bg7 3. Nc3 d6 4. e4 Nf6 5. Qd2 O-O 6. O-O-O b5 7. Bxb5 c6 8.
Be2 Ba6 9. h4 Bxe2 10. Ngxe2 Qa5 11. h5 Nxh5 12. Bh6 Bf6 13. g4
1-0

[Event "Masfjorden Grand Prix 2019"]
[Site "Sandnes skule (Masfjordnes)"]
[Date "2019.02.16"]
[Round "3"]
[White "Johannessen, Heine N"]
[Black "Andås, Kjetil"]
[Result "0-1"]
[WhiteElo "1636"]
[BlackElo "1788"]
[PlyCount "72"]
[EventDate "2019.??.??"]

1. d4 Nf6 2. Nf3 g6 3. g3 Bg7 4. Bg2 c5 5. O-O cxd4 6. Nxd4 Nc6 7. c4 O-O 8.
Nc3 Qb6 9. e3 Qc5 10. b3 d5 11. Nxd5 Nxd5 12. Bxd5 Nxd4 13. exd4 Bxd4 14. Rb1
Bh3 15. b4 Qb6 16. c5 Bxc5 17. Bh6 Bd4 18. Bxf8 Bxf1 19. Bxe7 Bh3 20. Qf3 Bf5
21. Re1 h5 22. h3 Re8 23. g4 hxg4 24. hxg4 Be6 25. Bf6 Qxb4 26. Re4 Qb1+ 27.
Kh2 Bxf6 28. Qxf6 Qb6 29. f4 Qf2+ 30. Kh3 Qf3+ 31. Kh2 Qxg4 32. f5 Qxf5 33. Qd4
Qh3+ 34. Kg1 Qg3+ 35. Kh1 Bxd5 36. Qxd5 Qf3+
0-1

[Event "Masfjorden Grand Prix 2019"]
[Site "Sandnes skule (Masfjordnes)"]
[Date "2019.02.16"]
[Round "3"]
[White "Sivertsen, Jarle"]
[Black "Lura, Njål"]
[Result "1/2-1/2"]
[WhiteElo "1605"]
[BlackElo "1585"]
[PlyCount "134"]
[EventDate "2019.??.??"]

1. e4 d6 2. d4 Nf6 3. Nc3 g6 4. Be2 Bg7 5. Be3 c6 6. h4 h5 7. f3 b5 8. Qd2 Nbd7
9. Nh3 Nb6 10. Nf2 b4 11. Ncd1 a5 12. a4 Ba6 13. b3 Bxe2 14. Kxe2 O-O 15. Bh6
e5 16. Bxg7 Kxg7 17. Ne3 Nbd7 18. Rad1 Qb6 19. dxe5 dxe5 20. Nc4 Qa6 21. Nd3
Rad8 22. Qe3 Rfe8 23. Kf2 Re7 24. g3 Rde8 25. Rd2 Nf8 26. Rhd1 Kh7 27. Qc5 N8d7
28. Qxa5 Qxa5 29. Nxa5 c5 30. Nb7 c4 31. Ndc5 Nxc5 32. Nxc5 cxb3 33. cxb3 Rc7
34. Nd3 Rc3 35. Nxb4 Rxb3 36. Nd5 Nxd5 37. Rxd5 Ra3 38. a5 Ra8 39. Rxe5 R3xa5
40. Rxa5 Rxa5 41. Ke3 Ra3+ 42. Rd3 Ra4 43. f4 Kg7 44. Kf3 Rb4 45. Re3 Rb1 46.
Re2 Rb3+ 47. Kg2 Rc3 48. f5 Rb3 49. fxg6 fxg6 50. Kf2 Kf6 51. Re3 Rb2+ 52. Kf3
Ke5 53. Ra3 Rb6 54. Ra5+ Ke6 55. Rg5 Kf6 56. e5+ Kf7 57. Ke4 Ke7 58. Kd5 Re6
59. g4 hxg4 60. Rxg4 Ra6 61. Rg5 Ra5+ 62. Kc6 Ra4 63. h5 gxh5 64. Rxh5 Ke6 65.
Rg5 Re4 66. Kc5 Rxe5+ 67. Rxe5+ Kxe5
1/2-1/2

[Event "Masfjorden Grand Prix 2019"]
[Site "Sandnes skule (Masfjordnes)"]
[Date "2019.02.16"]
[Round "3"]
[White "Hina, Ariza"]
[Black "Mansoor, Afras"]
[Result "0-1"]
[WhiteElo "1560"]
[BlackElo "1999"]
[PlyCount "98"]
[EventDate "2019.??.??"]

1. e4 e5 2. Nf3 Nc6 3. Nc3 Nf6 4. Bb5 Bc5 5. d3 a6 6. Bc4 d6 7. Be3 Bxe3 8.
fxe3 O-O 9. O-O Na5 10. Bb3 b5 11. Qe1 c5 12. Bd5 Nxd5 13. Nxd5 Be6 14. Nc3 Nc6
15. Qg3 f6 16. Nh4 Qd7 17. Nf5 Ra7 18. Rf2 Kh8 19. Raf1 d5 20. exd5 Bxd5 21. e4
Be6 22. a3 Nd4 23. Ne3 Re8 24. Ncd5 Bxd5 25. Nxd5 f5 26. c3 f4 27. Qh4 Ne6 28.
Qh5 Nc7 29. Nxc7 Rxc7 30. Qe2 g5 31. g4 Rd8 32. Rd1 Rc6 33. Qf3 Rd6 34. Rfd2
Qg7 35. Qf2 Qd7 36. Qf3 Qa7 37. Qf2 Qc7 38. d4 Qd7 39. d5 Qxg4+ 40. Kh1 c4 41.
Rg1 Qh5 42. Qg2 Rg8 43. Qf2 g4 44. Qc5 Qg6 45. Re2 h5 46. Qc7 h4 47. Qe7 Qf6
48. Qa7 g3 49. Rd2 f3
0-1

[Event "Masfjorden Grand Prix 2019"]
[Site "Sandnes skule (Masfjordnes)"]
[Date "2019.02.16"]
[Round "3"]
[White "Sekkingstad, Thomas"]
[Black "Murugesh, Niran-Jan"]
[Result "1-0"]
[WhiteElo "1690"]
[BlackElo "1574"]
[PlyCount "109"]
[EventDate "2019.??.??"]

1. d4 Nf6 2. c4 g6 3. Nc3 Bg7 4. Nf3 O-O 5. Bf4 d6 6. h3 Nbd7 7. e3 Re8 8. Be2
Nh5 9. Bh2 c5 10. O-O b6 11. Qd2 Bb7 12. d5 Nhf6 13. e4 Ne5 14. Nxe5 dxe5 15.
f4 exf4 16. Qxf4 Rf8 17. a3 Nd7 18. Rac1 Bd4+ 19. Kh1 Be5 20. Qf2 Bxh2 21. Kxh2
Ne5 22. b4 Qb8 23. Kg1 cxb4 24. axb4 a5 25. bxa5 bxa5 26. c5 f5 27. c6 fxe4 28.
Qxf8+ Qxf8 29. Rxf8+ Rxf8 30. cxb7 Rb8 31. Ba6 Nd3 32. Bxd3 exd3 33. Rb1 Kf7
34. Kf2 e5 35. Ne4 a4 36. d6 Ke6 37. Nc5+ Kxd6 38. Na6 Re8 39. b8=Q+ Rxb8 40.
Nxb8 Kd5 41. Ke3 Kc4 42. Rc1+ Kb3 43. Kxd3 Kb2 44. Rf1 a3 45. Ke4 a2 46. Rf2+
Kb3 47. Rxa2 Kxa2 48. Kxe5 Kb1 49. Nd7 Kc2 50. Nf8 Kd2 51. Nxh7 Ke2 52. g4 Kf3
53. g5 Kg3 54. Kf6 Kxh3 55. Kxg6
1-0

[Event "Masfjorden Grand Prix 2019"]
[Site "Sandnes skule (Masfjordnes)"]
[Date "2019.02.16"]
[Round "3"]
[White "Kvisla, Johannes Luangtep"]
[Black "Haugsdal, Arn-Tore"]
[Result "0-1"]
[WhiteElo "2273"]
[BlackElo "1965"]
[PlyCount "76"]
[EventDate "2019.??.??"]

1. Nf3 d5 2. d4 Nf6 3. Bf4 c5 4. e3 Nc6 5. Nbd2 cxd4 6. exd4 Qb6 7. Nb3 a5 8.
a4 Bf5 9. Bb5 e6 10. Ne5 Be7 11. g4 Be4 12. f3 Bg6 13. h4 h5 14. g5 Nd7 15.
Nxg6 fxg6 16. Bd3 O-O 17. Be3 Nde5 18. Be2 Rf5 19. Bf2 Nc4 20. Bxc4 dxc4 21. d5
Qa6 22. dxc6 cxb3 23. Qe2 Qxc6 24. c3 Raf8 25. Rh3 Kh7 26. Bd4 Bd6 27. Rd1 Bf4
28. Qe4 Rd5 29. Qe2 Rfd8 30. Ra1 e5 31. Be3 Qd7 32. Rh1 Bg3+ 33. Kf1 Qf5 34.
Kg2 Bf4 35. Bf2 Rd2 36. Qe1 R8d3 37. Qb1 e4 38. Kf1 Bg3
0-1

[Event "Masfjorden Grand Prix 2019"]
[Site "Sandnes skule (Masfjordnes)"]
[Date "2019.02.17"]
[Round "4"]
[White "Poor, Istvan"]
[Black "Sekkingstad, Thomas"]
[Result "0-1"]
[WhiteElo "2213"]
[BlackElo "1690"]
[PlyCount "30"]
[EventDate "2019.??.??"]

1. e4 c6 2. d3 d5 3. Nd2 dxe4 4. dxe4 Nf6 5. Ngf3 Bg4 6. h3 Bh5 7. g3 e6 8. Bg2
Nbd7 9. O-O Bc5 10. Qe2 O-O 11. b3 Qc7 12. Bb2 Qxg3 13. Bxf6 gxf6 14. Kh1 Qf4
15. Rg1 Kh8 
0-1

[Event "Masfjorden Grand Prix 2019"]
[Site "Sandnes skule (Masfjordnes)"]
[Date "2019.02.17"]
[Round "4"]
[White "Andås, Kjetil"]
[Black "Hina, Ariza"]
[Result "1/2-1/2"]
[WhiteElo "1788"]
[BlackElo "1560"]
[PlyCount "114"]
[EventDate "2019.??.??"]

1. e4 e5 2. Nf3 Nc6 3. Bc4 Nf6 4. d3 Bc5 5. O-O d6 6. Bg5 Bg4 7. c3 a6 8. a4
O-O 9. Nbd2 Be6 10. Re1 Ba7 11. Nf1 Bxc4 12. dxc4 h6 13. Bh4 Kh7 14. Qd3 Rg8
15. Ne3 g5 16. Bg3 h5 17. h4 g4 18. Ng5+ Kg7 19. Nf5+ Kf8 20. Nh6 Rg7 21. Nhxf7
Qd7 22. Nh6 Rg6 23. Nf5 Nh7 24. Nxh7+ Qxh7 25. b4 Ne7 26. Ne3 Rf6 27. Nd5 Nxd5
28. cxd5 Qf7 29. Rf1 Kg8 30. Rac1 Rf8 31. Rc2 Qe7 32. c4 Rf3 33. gxf3 Rxf3 34.
Qxf3 gxf3 35. Kh2 Bd4 36. Rfc1 b6 37. a5 Qh7 38. axb6 cxb6 39. Re1 Qa7 40. Ra2
a5 41. bxa5 bxa5 42. Rb1 a4 43. Ra3 Bc5 44. Ra2 a3 45. Rb3 Qa6 46. Rc3 Qa5 47.
Rxf3 Qe1 48. Rb3 Qxe4 49. Rc3 Qb1 50. Raxa3 Bxa3 51. Rxa3 Qb4 52. Ra8+ Kg7 53.
Rc8 Kf6 54. Rc6 Kf5 55. Kg2 Ke4 56. Rc7 Kf5 57. Rc6 Ke4 
1/2-1/2

[Event "Masfjorden Grand Prix 2019"]
[Site "Sandnes skule (Masfjordnes)"]
[Date "2019.02.17"]
[Round "4"]
[White "Lura, Njål"]
[Black "Kvisla, Johannes Luangtep"]
[Result "0-1"]
[WhiteElo "1585"]
[BlackElo "2273"]
[PlyCount "108"]
[EventDate "2019.??.??"]

1. c4 Nf6 2. g3 e6 3. Bg2 d5 4. Nf3 Be7 5. O-O O-O 6. b3 c5 7. cxd5 exd5 8. d4
Nc6 9. dxc5 Bxc5 10. Bb2 Bg4 11. Nc3 Re8 12. Nb5 Ne4 13. Nbd4 Qb6 14. e3 Bxd4
15. Bxd4 Nxd4 16. Qxd4 Bxf3 17. Qxb6 axb6 18. Bxf3 Nd2 19. Bxd5 Nxf1 20. Kxf1
Re7 21. Rc1 g5 22. a4 Kg7 23. g4 Ra5 24. e4 Rc5 25. Rxc5 bxc5 26. Ke2 h5 27. h3
hxg4 28. hxg4 c4 29. bxc4 Kf6 30. a5 Rc7 31. Ke3 Ke5 32. Kd3 Rc5 33. Bxb7 Rxa5
34. f3 Ra3+ 35. Ke2 Rc3 36. Bd5 f6 37. Kf2 Kf4 38. e5 Rc2+ 39. Ke1 Ke3 40. Kd1
Rd2+ 41. Kc1 fxe5 42. Be4 Rd4 43. Bd5 Rd3 44. Kc2 Kd4 45. Kb2 Rc3 46. Kb1 Kc5
47. Kb2 Kb4 48. Ka2 Rxc4 49. Kb2 Rd4 50. Ba8 Rd2+ 51. Kc1 Kc3 52. Be4 Re2 53.
Kd1 Rxe4 54. fxe4 Kd3 
0-1

[Event "Masfjorden Grand Prix 2019"]
[Site "Sandnes skule (Masfjordnes)"]
[Date "2019.02.17"]
[Round "4"]
[White "Mansoor, Afras"]
[Black "Sivertsen, Jarle"]
[Result "1-0"]
[WhiteElo "1999"]
[BlackElo "1605"]
[PlyCount "69"]
[EventDate "2019.??.??"]

1. c4 e5 2. g3 Nf6 3. Bg2 c6 4. Nf3 e4 5. Nd4 d5 6. cxd5 Qxd5 7. Nc2 Qh5 8. h3
Na6 9. Nc3 Qg6 10. O-O Bc5 11. Kh2 O-O 12. Ne3 Re8 13. a3 h5 14. Kh1 Bxe3 15.
dxe3 Nc7 16. Qc2 Ncd5 17. Na4 Bf5 18. b4 Nd7 19. Bb2 Qe6 20. Kh2 a5 21. Nc5
Nxc5 22. bxc5 a4 23. Bd4 Nc7 24. Rfb1 Nb5 25. Rb4 Ra7 26. Bb2 Qe7 27. Rc1 Be6
28. Rxe4 Rea8 29. Rb4 Bb3 30. Qf5 g6 31. Qf4 Qf8 32. Qf6 Kh7 33. Rh4 Rd8 34.
Rxh5+ gxh5 35. Be4+ 
1-0

[Event "Masfjorden Grand Prix 2019"]
[Site "Sandnes skule (Masfjordnes)"]
[Date "2019.02.17"]
[Round "4"]
[White "Haugsdal, Arn-Tore"]
[Black "Hølleland, Sigve"]
[Result "1-0"]
[WhiteElo "1965"]
[BlackElo "2003"]
[PlyCount "73"]
[EventDate "2019.??.??"]

1. e4 c5 2. Nf3 d6 3. d4 cxd4 4. Nxd4 Nf6 5. Nc3 a6 6. Bg5 Nbd7 7. Bc4 e6 8.
O-O h6 9. Bh4 Ne5 10. Bb3 Ng6 11. Bg3 e5 12. Nf5 Be6 13. Qf3 Qc7 14. a4 O-O-O
15. a5 Kb8 16. Rfd1 Ne7 17. Ne3 Nc6 18. Ncd5 Bxd5 19. Nxd5 Nxd5 20. Rxd5 Nd4
21. Qe3 Be7 22. f4 exf4 23. Bxf4 Nxc2 24. Bxc2 Qxc2 25. e5 Qxb2 26. Rad1 Rd7
27. Bg3 Bg5 28. Qd3 Rc8 29. Rxd6 Rdc7 30. e6 f5 31. Rb6 Qf6 32. Rxb7+ Kxb7 33.
Rb1+ Ka7 34. Bf2+ Rc5 35. Qd7+ R8c7 36. Qxc7+ Ka8 37. Rb8# 
1-0

[Event "Masfjorden Grand Prix 2019"]
[Site "Sandnes skule (Masfjordnes)"]
[Date "2019.02.17"]
[Round "4"]
[White "Johannessen, Heine N"]
[Black "Murugesh, Niran-Jan"]
[Result "1-0"]
[WhiteElo "1636"]
[BlackElo "1574"]
[PlyCount "57"]
[EventDate "2019.??.??"]

1. e4 c5 2. d4 cxd4 3. c3 d3 4. Bxd3 Nc6 5. Nf3 e5 6. O-O Nf6 7. Qe2 h6 8. Rd1
Be7 9. h3 O-O 10. Bc2 Qc7 11. Nbd2 b6 12. Nf1 Bb7 13. Ne3 Rfe8 14. Nf5 Bf8 15.
g4 g5 16. h4 Nxg4 17. hxg5 Re6 18. N3h4 h5 19. Bb3 Nd4 20. cxd4 exd4 21. f3
Rxe4 22. fxe4 d3 23. Rxd3 Bxe4 24. Rg3 Bc5+ 25. Be3 Nxe3 26. Rxe3 Qf4 27. Rf1
Qxg5+ 28. Kh2 Bxe3 29. Qxe3 
1-0

[Event "Masfjorden Grand Prix 2019"]
[Site "Sandnes skule (Masfjordnes)"]
[Date "2019.02.17"]
[Round "5"]
[White "Murugesh, Niran-Jan"]
[Black "Poor, Istvan"]
[Result "0-1"]
[WhiteElo "1574"]
[BlackElo "2213"]
[PlyCount "72"]
[EventDate "2019.??.??"]

1. e4 g6 2. Nf3 Bg7 3. d3 d6 4. g3 c5 5. Nbd2 Nc6 6. Bg2 e5 7. O-O Nge7 8. Re1
O-O 9. Nf1 f5 10. exf5 gxf5 11. c3 Qe8 12. Ng5 Qg6 13. Qb3+ Kh8 14. f4 Rb8 15.
Qd1 h6 16. Nh3 Be6 17. Bf3 Bd5 18. Bh5 Qh7 19. Ne3 Bf7 20. Bf3 b5 21. Qe2 b4
22. Qg2 bxc3 23. bxc3 e4 24. dxe4 Bxc3 25. Bd2 Bxd2 26. Qxd2 Nd4 27. Bg2 fxe4
28. Ng4 d5 29. Qc3 Rbc8 30. Ne5 Qg7 31. Rac1 Nec6 32. Nxf7+ Rxf7 33. Qxc5 Ne7
34. Qxa7 Rxc1 35. Rxc1 Ne2+ 36. Kf1 Nxc1 0-1

[Event "Masfjorden Grand Prix 2019"]
[Site "Sandnes skule (Masfjordnes)"]
[Date "2019.02.17"]
[Round "5"]
[White "Sekkingstad, Thomas"]
[Black "AndÃ¥s, Kjetil"]
[Result "0-1"]
[WhiteElo "1690"]
[BlackElo "1788"]
[PlyCount "56"]
[EventDate "2019.??.??"]

1. d4 Nf6 2. c4 c5 3. d5 b5 4. Qc2 g6 5. b3 bxc4 6. bxc4 Bg7 7. Bb2 O-O 8. e4
e6 9. Bd3 exd5 10. exd5 Re8+ 11. Ne2 d6 12. O-O Nbd7 13. Ng3 Ne5 14. Be2 Rb8
15. Nd2 h5 16. Bc3 Ba6 17. Rfe1 h4 18. Ngf1 Bc8 19. Ne3 h3 20. Nf3 Neg4 21. Bd3
Nxe3 22. fxe3 Bg4 23. e4 Nh5 24. Bxg7 Kxg7 25. Rf1 Qf6 26. e5 Qf4 27. exd6 Qe3+
28. Qf2 Rb2 0-1

[Event "Masfjorden Grand Prix 2019"]
[Site "Sandnes skule (Masfjordnes)"]
[Date "2019.02.17"]
[Round "5"]
[White "Hina, Ariza"]
[Black "Lura, NjÃ¥l"]
[Result "1-0"]
[WhiteElo "1560"]
[BlackElo "1585"]
[PlyCount "95"]
[EventDate "2019.??.??"]

1. e4 c6 2. d4 d5 3. Nc3 dxe4 4. Nxe4 Bf5 5. Ng3 Bg6 6. Nh3 e6 7. Nf4 Bd6 8. h4
Bxf4 9. Bxf4 h6 10. h5 Bh7 11. Bd3 Bxd3 12. Qxd3 Nf6 13. c3 Qd5 14. f3 Nbd7 15.
c4 Qa5+ 16. Qd2 Qxd2+ 17. Bxd2 Nb6 18. b3 O-O 19. O-O-O a5 20. Ne4 Nbd7 21.
Nxf6+ Nxf6 22. g4 b5 23. g5 hxg5 24. Bxg5 Nh7 25. Bf4 a4 26. Kb2 axb3 27. axb3
bxc4 28. bxc4 Ra4 29. Rdg1 Kh8 30. Be5 f6 31. h6 g5 32. Bd6 Rd8 33. Bc5 Rb8+
34. Kc3 Kg8 35. f4 Rb7 36. Re1 Nf8 37. Bxf8 Kxf8 38. h7 Ra3+ 39. Kd2 Ra2+ 40.
Ke3 gxf4+ 41. Kxf4 e5+ 42. Ke4 f5+ 43. Kxe5 Re7+ 44. Kf6 Rxh7 45. Rxh7 Rd2 46.
Ke5 f4 47. Rb1 Kg8 48. Ra7 1-0

[Event "Masfjorden Grand Prix 2019"]
[Site "Sandnes skule (Masfjordnes)"]
[Date "2019.02.17"]
[Round "5"]
[White "Mansoor, Afras"]
[Black "Haugsdal, Arn-Tore"]
[Result "0-1"]
[WhiteElo "1999"]
[BlackElo "1965"]
[PlyCount "34"]
[EventDate "2019.??.??"]

1. c4 e5 2. g3 h5 3. h4 d5 4. cxd5 Nf6 5. Nc3 Nxd5 6. Bg2 Nb6 7. Nf3 Nc6 8. O-O
Be7 9. Rb1 Bg4 10. b4 g5 11. b5 Nd4 12. Nxe5 gxh4 13. gxh4 Rg8 14. Kh1 Bd6 15.
f4 Qxh4+ 16. Kg1 Bc5 17. Bb2 Nf3# 0-1